000
00349nam a2200157Ia 4500
003
0STCL
008
150530s9999 xx 000 0 und d
040
_a
STCL
_c
STCL
100
_a
Chatterji, S.K.
245
_a
Select writings vol-1
260
_b
Vikas
_c
1978
546
_a
English
942
_2
ddc
_c
BK
999
_c
60512
_d
60512
005
20220125171136.0